000 00521nam a2200193Ia 4500
003 GCL
008 140319s9999 xx 000 0 ara d
040 _aGCL /
_cGCL
082 0 4 _a811.094
_bم م
100 1 _aمحمد عبدالمطلب
245 1 0 _aمناورات الشعرية /
_cمحمد عبدالمطلب
300 _a334 ص
490 _a
650 0 4 _aالعصر الحديث
650 0 4 _aالنثر العربى
650 0 4 _aالشعر الحر
650 0 4 _aتاريخ ونقد
942 _2ddc
_cBK
999 _c45284
_d45284